000 00864nam a2200277 i 4500
003 DO-SdBNP
005 20231011084548.0
006 a||||gr|||| 00| 0
007 ta
008 231011t2015 ga ||||| |||| 00| 0 spa d
040 _aDO-SdBNP
_bspa
_cBNPHU
_erda
082 4 _222
_a808.81
_bC347
245 1 0 _aPor ese olor de azucena. /
_cLuz Castejón de Menéndez
264 4 _aGuatemala :
_bCultura,
_c2015
300 _a81 páginas ;
_c21 cm.
336 _2rdacontent
_atexto
_btxt
337 _2rdamedia
_asin mediación
_bn
338 _2rdacarrier
_avolumen
_bnc
490 _aPoesía.
490 _aRafael Landívar ;
_v102
500 _aIncluye datos biográficos de la autora en las solapas de las cubiertas.
590 _aInventariado 2023 / MF
650 4 _aPoesía guatemalteca
_914068
650 4 _aLiteratura guatemalteca
_95393
942 _2ddc
_cLBS1
999 _c55143
_d55143